| 000 | 00744nam a2200205 i 4500 | ||
|---|---|---|---|
| 001 | 170227 | ||
| 003 | ES-MaACL | ||
| 005 | 20250804044439.0 | ||
| 008 | 090213s1956 xxk |||| | eng d | ||
| 080 | _a1(38) | ||
| 100 | 1 |
_aFreeman, Kathleen. _9139426 |
|
| 245 | 1 | 0 |
_aAncilla to the pre-socratic philosophers _b: a complete translation of the Fragments in Diels, "Fragmente der Vorsokratiker" / _cby Kathleen Freeman. |
| 260 |
_aOxford : _bBasil Blackwell, _c1956. |
||
| 300 |
_aX, 162 p. ; _c22 cm. |
||
| 650 | 0 | 4 |
_aPresocráticos. _916385 |
| 650 | 7 |
_aFilosofía griega _2embne _912849 |
|
| 700 | 0 |
_aDiels, Hermann. _944597 |
|
| 852 | 4 |
_aES-MaACL _jE-12454 _9R.140590 _z. - Biblioteca Jacinto Martínez Lacalle |
|
| 999 |
_c170227 _d170227 |
||